| 000 | 01103nam a2200277Ia 4500 | ||
|---|---|---|---|
| 003 | OSt | ||
| 005 | 20220923211408.0 | ||
| 006 | a|||||r|||| 00| 0 | ||
| 007 | ta | ||
| 008 | 220922b |||||||| |||| 00| 0 hin d | ||
| 020 |
_a9788190377035 (hbk) _c500 |
||
| 024 | _a348,212 | ||
| 037 |
_b236, 16/01/2019, Eastern Book Linkers _cTextual |
||
| 040 |
_aARTS _cARTS _bhin |
||
| 041 |
_2hin _ahin |
||
| 082 | _aR65,6:g, 152Q6 | ||
| 100 | _aचौहान, चन्द्रमणि, ले. | ||
| 245 | 0 | _aश्रीमद्भगवदगीता का विश्व शान्ति में योगदान | |
| 246 | _aShrīmadbhagavadagītā kā vishva shānti mean yogadāna | ||
| 260 |
_aजयपुर _b आनन्द पुस्तक मन्दिर _c2016 |
||
| 300 |
_a334पृ. _ccm. |
||
| 650 | _a भगवत् गीता | ||
| 650 | _aभारतीय दर्शन | ||
| 942 |
_hR65,6:g, 152Q6 _cTEXL _2CC |
||
| 999 |
_c299080 _d299080 |
||